000 00426nam a2200181Ia 4500
001 24762
005 20260414151105.0
008 260414t2011||||xx |||||||||||||| ||spa||
041 _aESP
082 _a345.733
_bG61
100 _aGomá Salcedo, José Enrique
_eAUT
245 0 _aDerecho notarial
_b
260 _c2011
300 _a693 páginas :
_c24 cm.
650 _aDER
654 _aCDE
942 _cLIB
_dJUS
_fJUS
_2ddc
_n
999 _c24762
_d24762